000 004340000a22001690004500
041 0 _aENG
082 0 4 _aG 253 B1442u
100 1 _aBagby, Daniel G
245 1 0 _aUnderstanding anger in the church / Daniel G. Bagby
260 _aNashville, TN., USA : Broadman
300 _a150 Pag
001 6289
942 _cBK
999 _c36562
_d36562
336 _atexto
_btxt
_2rdacontent
337 _2rdamedia
_asin mediación
_bn
338 _2rdacarrier
_avolumen
_bnc